000 03513nam0a2200517 4500
001 RU\NLR\BIBL_A\011998874
005 20250809113144.0
020 _aRU
_9Ленинград в Великой Отечественной войне. Коллекция. Афиши
035 _a(NLR Aleph) 011998874
090 _a12978
_c12978
100 _a20190425d1944 u y0rusy50 ca
101 0 _arus
102 _aRU
105 _ay z 000zy
135 _acrcn 024anaba
200 1 _aСуббота 27 мая 1944 г. Концерт симфонического оркестра. Дирижер - К.И. Элиасберг. Солист - лауреат Всесоюзного конкурса музыкантов-исполнителей Натан Перельман
_e[афиша]
_fУправление по делам искусств Исполкома Ленгорсовета и Лениградский комитет по радиовещанию, Большой зал Филармонии
210 _a[Ленинград]
_cЛТ УН-1
_d1944
215 _a1 л.
_d36x53
300 _aНачало концерта в 19 часов. Билеты продаются в кассе Филармонии ежедневно с 11 часов до 19 часов
300 _aЗаказ 2265
325 _aКопия доступна в Электрон. б-ке РНБ
327 _aПрограмма: 1-е отделение: Николай Раков - Симфония (в 1-й раз). 2-е отделение: Шопен - Концерт для фортепиано с оркестром e-moll. Исполнит Натан Перельман в сопровождении оркестра. Лист - Прелюдии
517 1 _aКонцерт симфонического оркестра
606 1 _aТеатральная жизнь
_yЛенинград, город
_z1941 - 1944
_jАфиши
_2nlr_sh2
_3RU\NLR\AUTH\6601649837
686 _aЩ333(2Р=Рус)7-692Ленинград
702 1 _aЭлиасберг
_bК.И.
_cдирижер
_f1907-1978
_gКарл Ильич
_3RU\NLR\AUTH\770162896
_4250
702 1 _aПерельман
_bН. Е.
_cпианист
_f1906-2002
_gНатан Ефимович
_3RU\NLR\AUTH\770202051
_4005
710 0 2 _aЛенинградский комитет по радиофикации и радиовещанию
_bСимфонический оркестр
_3RU\NLR\AUTH\880499671
712 0 2 _aЛенинградская филармония им. Д. Д. Шостаковича
_bБольшой зал
_3RU\NLR\AUTH\880496902
_4570
852 _aNLR
_jЛ3-330а/33/3/1944-май (4)
856 0 _uhttp://vivaldi.nlr.ru/ll000010848/view
856 1 _uhttp://vivaldi.nlr.ru/ll000010848/cover
856 2 _uhttp://vivaldi.nlr.ru/ll000010848/text
942 _cVISUAL
945 _aРоссийская национальная библиотека
980 _aNB
980 _aBV
980 3 _akplen
980 3 _akp
981 3 7 _a(37) Ленинград в Великой Отечественной войне
_b(37) Афиши блокадного Ленинграда